| 000 | 00922nas a2200265 4500 | ||
|---|---|---|---|
| 001 | BR8201710 | ||
| 003 | BR-BrBNA | ||
| 005 | 20231205085110.0 | ||
| 007 | ta | ||
| 008 | 230509b bl.|||p| |||| 00| 00por d | ||
| 040 |
_aBR-BrBNA _bpor _cBiblioteca Nacional de Agricultura |
||
| 041 | _a(Pt) | ||
| 072 | _aF60 | ||
| 100 | 1 | _aCastro, E. da M. de | |
| 100 | 1 | _aGridi-Papp, I.L. | |
| 100 | 1 | _aPaterniani, E. | |
| 245 | 1 | _aEficiencia de barreiras vegetais no isolamento de parcelas de algodoeiro [Gossypium hirsutum; Polinizacao] | |
| 246 | 1 | _aEffectiveness of plant barriers on the isolation of cotton plots [Gossypium hirsutum; Pollination] | |
| 650 | _aALGODAO | ||
| 650 | _aPOLINIZACAO | ||
| 650 | _aCRUZAMENTO VEGETAL | ||
| 773 | 0 |
_tPesquisa Agropecuaria Brasileira (Brazil) _xISSN 0100-204X _g(Aug 1982), v. 17(8) p. 1155-1161 _wBR8201710 |
|
| 909 |
_a202311 _bLúcia _c55 _dLúcia Elande |
||
| 942 |
_2AGRIS _n0 _cANA |
||
| 999 |
_c109193 _d109193 |
||